=LDR 00000nam 2200000 4500 =001 INLIS000000000002006 =005 20240112103909 =035 ##$$a 0010-0124000021 =007 ta =008 240112###########################0#ind## =020 ##$$a 978-623-313-409-5 =082 ##$$a 398.04 =084 ##$$a 398.04 LUH k =100 #$$a Luh Yanti Puspa Dewi =245 1#$$a Kumpulan Cerita Dalam NAskH VT 11 : $b Koleksi Perpustakaan Nasional (Jilid 1) /$c Luh Yanti Puspa Dewi, I Wayan Pande Sumardika (Penulis) =250 ##$$a - =260 ##$$a Jakarta :$b Perpusnas PRESS,$c 2022 =300 ##$$a 70 hlm : $b ilus ; $c 23 cm$e - =700 #$$a I Wayan Pande Sumardika =520 ##$$a Naskah kuno mengandung berbagai informasi penting yang harus diungkap dan disampaikan kepada masyarakat. =856 ##$$a Perpustakaan BKKBN Pusat